[Event "Titled Tue 24th Jun Late"]
[Site "chess.com INT"]
[Date "2025.06.24"]
[Round "2"]
[White "Dubnevych, Maksym"]
[Black "Vaganian, Rafael A"]
[Result "0-1"]
[WhiteTitle "FM"]
[BlackTitle "GM"]
[WhiteElo "2296"]
[BlackElo "2449"]
[WhiteFideId "14184001"]
[BlackFideId "13300016"]
[EventDate "2025.06.24"]

1. Nc3 d5 2. e4 e6 3. d4 Bb4 4. exd5 exd5 5. Bd3 Nf6 6. Ne2 O-O 7. O-O Bg4 8. f3
Bh5 9. Nf4 Bg6 10. Nxg6 hxg6 11. Ne2 Bd6 12. Bg5 c5 13. g3 c4 14. Be4 dxe4 15.
fxe4 Qb6 16. Bxf6 gxf6 17. Rxf6 Nd7 18. Rf2 Rae8 19. Nc3 Qxb2 20. Rf3 Qb6 21.
Kg2 Bb4 22. Nd5 Qa5 23. Rb1 Bd6 24. Rxb7 Rxe4 25. Ne3 Nb6 26. h3 Qg5 27. Ng4 Nd5
28. Rb5 Rxg4 29. Rxd5 Rxg3+ 0-1

[Event "Titled Tue 24th Jun Late"]
[Site "chess.com INT"]
[Date "2025.06.24"]
[Round "2"]
[White "Bezuch, Martin"]
[Black "Jasinski, Alexander"]
[Result "1-0"]
[WhiteTitle "FM"]
[WhiteElo "2238"]
[BlackElo "1989"]
[WhiteFideId "14906333"]
[BlackFideId "55627994"]
[EventDate "2025.06.24"]

1. Nf3 Nf6 2. g3 g6 3. Bg2 Bg7 4. O-O O-O 5. d3 d6 6. e4 c5 7. Re1 Nc6 8. c3 Bg4
9. h3 Bxf3 10. Qxf3 e5 11. Nd2 Re8 12. Nc4 b5 13. Ne3 Qd7 14. h4 h5 15. Kh2 Ne7
16. Bh3 Qc7 17. g4 hxg4 18. Nxg4 Nxg4+ 19. Qxg4 d5 20. h5 gxh5 21. Qxh5 Qd6 22.
Rg1 Ng6 23. Bf5 Re6 24. Bxe6 Qxe6 25. Qg4 Qd6 26. Be3 d4 27. Bg5 dxc3 28. bxc3
Qxd3 29. Rad1 Qxc3 30. Rd7 Qb2 31. Qf5 Rf8 32. Bf6 Kh7 33. Rxg6 Bxf6 34. Rxf6+
Kg7 35. Rfxf7+ Kh8 36. Qh7# 1-0

[Event "Titled Tue 24th Jun Late"]
[Site "chess.com INT"]
[Date "2025.06.24"]
[Round "2"]
[White "Paravyan, David"]
[Black "Adel, Sara"]
[Result "1-0"]
[WhiteTitle "GM"]
[BlackTitle "WFM"]
[WhiteElo "2589"]
[BlackElo "1880"]
[WhiteFideId "4194985"]
[BlackFideId "10616764"]
[EventDate "2025.06.24"]

1. Nf3 Nf6 2. b3 g6 3. Bb2 Bg7 4. c4 O-O 5. g3 Nc6 6. Bg2 d6 7. O-O e5 8. d3 Bg4
9. h3 Be6 10. Nc3 Qd7 11. Ng5 Ne7 12. Nxe6 Qxe6 13. Bxb7 c6 14. Bxa8 Rxa8 15.
Kg2 Nh5 16. e3 f5 17. Ne2 a5 18. d4 g5 19. dxe5 dxe5 20. Nd4 Qg6 21. Nf3 g4 22.
Nh4 Qe6 23. hxg4 fxg4 24. e4 Bf6 25. Rh1 Ng6 26. Nf5 Rd8 27. Qxg4 Ng7 28. Rxh7
Kxh7 29. Rh1+ Nh4+ 30. Rxh4+ Kg8 31. Qg6 Rd2 32. Nxg7 Qf7 33. Rh8+ Kxh8 34. Qxf7
Bxg7 35. Bxe5 1-0

[Event "Titled Tue 24th Jun Late"]
[Site "chess.com INT"]
[Date "2025.06.24"]
[Round "2"]
[White "Zdorov, Egor Vit"]
[Black "Chigaev, Maksim"]
[Result "1/2-1/2"]
[WhiteTitle "CM"]
[BlackTitle "GM"]
[WhiteElo "2101"]
[BlackElo "2635"]
[WhiteFideId "55688560"]
[BlackFideId "4108116"]
[EventDate "2025.06.24"]

1. d4 Nf6 2. c4 g6 3. Nc3 Bg7 4. e4 d6 5. Nf3 O-O 6. Be2 e5 7. O-O exd4 8. Nxd4
Re8 9. f3 c6 10. Nc2 Na6 11. Kh1 Nc7 12. Be3 d5 13. cxd5 cxd5 14. exd5 Nfxd5 15.
Bd4 Bxd4 16. Qxd4 Nxc3 17. Qxd8 Rxd8 18. bxc3 Nd5 19. Rfd1 Bf5 20. Bc4 Nxc3 21.
Rxd8+ Rxd8 22. Ne3 Bb1 23. h3 Re8 24. Nd5 Re1+ 25. Kh2 Nxd5 26. Bxd5 Rd1 27.
Bxb7 Kg7 28. Be4 Bc2 29. Rxd1 Bxd1 30. Kg3 f5 31. Bd5 Kf6 32. f4 h6 33. h4 Ke7
34. Kf2 Kf6 35. Ke3 g5 1/2-1/2

[Event "Titled Tue 24th Jun Late"]
[Site "chess.com INT"]
[Date "2025.06.24"]
[Round "2"]
[White "Janik, Igor"]
[Black "Thorfinnsson, Bragi"]
[Result "1-0"]
[WhiteTitle "GM"]
[BlackTitle "GM"]
[WhiteElo "2520"]
[BlackElo "2354"]
[WhiteFideId "1159259"]
[BlackFideId "2300958"]
[EventDate "2025.06.24"]

1. e4 c5 2. Nf3 d6 3. Bb5+ Nd7 4. O-O Nf6 5. Re1 e5 6. Nc3 Be7 7. a4 O-O 8. d3
h6 9. Bc4 Re8 10. Nd2 Nf8 11. Nf1 Be6 12. Ne3 Bxc4 13. Nxc4 Ne6 14. g3 Nd4 15.
Be3 Bf8 16. Kg2 Qd7 17. h3 d5 18. exd5 Nxd5 19. Bxd4 exd4 20. Nxd5 Qxd5+ 21. Qf3
Qxf3+ 22. Kxf3 f6 23. g4 Kf7 24. h4 b6 25. h5 Rab8 26. b3 Rxe1 27. Rxe1 a6 28.
Ra1 Be7 29. Ke4 Ke6 30. f4 b5 31. axb5 axb5 32. Ra6+ Kf7 33. Nb6 Re8 34. Ra7 Kg8
35. Kf5 Bf8 36. Nd7 Re7 37. Rb7 Kf7 38. Nxc5 Rxb7 39. Nxb7 Bb4 40. Nd8+ Ke8 41.
Ne6 Bc3 42. Nxg7+ Kd7 43. Kxf6 Kd6 44. Kg6 1-0

[Event "Titled Tue 24th Jun Late"]
[Site "chess.com INT"]
[Date "2025.06.24"]
[Round "2"]
[White "Gerbelli Neto, Eduardo"]
[Black "Lin, Bryan Enming"]
[Result "0-1"]
[BlackTitle "FM"]
[WhiteElo "2114"]
[BlackElo "2343"]
[WhiteFideId "2103281"]
[BlackFideId "30987121"]
[EventDate "2025.06.24"]

1. e4 c5 2. Nc3 Nc6 3. f4 e6 4. Nf3 d5 5. Bb5 Ne7 6. exd5 Nxd5 7. Bxc6+ bxc6 8.
d3 Be7 9. O-O c4 10. Ne5 cxd3 11. Qxd3 O-O 12. Kh1 Qb6 13. Qg3 c5 14. Ne4 f6 15.
Nc4 Qc7 16. c3 Ba6 17. b3 Bxc4 18. bxc4 Nb6 19. Qd3 Rad8 20. Qe2 Qc6 21. Ng3 f5
22. Be3 Bf6 23. Rac1 g6 24. Qf2 Na4 25. Ne2 Rd3 26. Rfd1 Rfd8 27. Rxd3 Rxd3 28.
h3 Qe4 29. Bxc5 Nxc5 30. Qxc5 Qxe2 31. Qc8+ Rd8 32. Qxe6+ Qxe6 0-1

[Event "Titled Tue 24th Jun Late"]
[Site "chess.com INT"]
[Date "2025.06.24"]
[Round "2"]
[White "Jacobsen, Mikkel Manosri"]
[Black "Unver, Cumayi"]
[Result "1-0"]
[WhiteTitle "FM"]
[WhiteElo "2223"]
[BlackElo "2012"]
[WhiteFideId "1444514"]
[BlackFideId "6304940"]
[EventDate "2025.06.24"]

1. d4 Nf6 2. Nf3 d5 3. Bf4 c5 4. e3 Nc6 5. Nbd2 Qb6 6. dxc5 Qxc5 7. a3 Bf5 8.
Rc1 e6 9. Be2 a5 10. O-O Be7 11. c4 Qb6 12. cxd5 exd5 13. Qb3 Qxb3 14. Nxb3 O-O
15. Nc5 Bxc5 16. Rxc5 Rfc8 17. h3 h6 18. Rfc1 Be6 19. Rb5 Ra7 20. Ne5 Nxe5 21.
Bxe5 Rxc1+ 22. Kh2 Ne4 23. Bb8 Ra8 24. Rxb7 Nxf2 25. Bb5 Re1 26. Bc6 Rxe3 27.
Rb5 Ra6 28. Bb7 1-0

[Event "Titled Tue 24th Jun Late"]
[Site "chess.com INT"]
[Date "2025.06.24"]
[Round "2"]
[White "Holinka, Henning"]
[Black "Vakhidov, Jakhongir"]
[Result "0-1"]
[WhiteTitle "FM"]
[BlackTitle "GM"]
[WhiteElo "2303"]
[BlackElo "2539"]
[WhiteFideId "12967084"]
[BlackFideId "14201801"]
[EventDate "2025.06.24"]

1. Nf3 Nf6 2. g3 d5 3. Bg2 g6 4. O-O Bg7 5. d4 O-O 6. c4 c5 7. cxd5 Nxd5 8. e4
Nb6 9. dxc5 Qxd1 10. Rxd1 Na4 11. Nc3 Nxc5 12. Nd5 Nc6 13. Bf4 Bg4 14. h3 Bxf3
15. Bxf3 e6 16. Rac1 Na4 17. Nc7 Rac8 18. Bd6 Rfd8 19. b3 Nd4 20. Rxd4 Bxd4 21.
e5 Nc3 22. Kg2 Nxa2 23. Rc2 Nc3 24. Bxb7 Rb8 25. Bf3 Rxb3 26. Rd2 Bxe5 27. Bxe5
Rxd2 28. Ne8 Nd5 29. Bxd5 exd5 30. Nf6+ Kf8 31. Bd6+ Kg7 32. Be5 Re2 33. Bd4 Rd3
34. Ba1 d4 35. Nd5 Rd1 0-1

[Event "Titled Tue 24th Jun Late"]
[Site "chess.com INT"]
[Date "2025.06.24"]
[Round "2"]
[White "Sturt, Raven"]
[Black "Beulen, Marcel"]
[Result "1-0"]
[WhiteTitle "GM"]
[BlackTitle "FM"]
[WhiteElo "2459"]
[BlackElo "2359"]
[WhiteFideId "2007304"]
[BlackFideId "1001450"]
[EventDate "2025.06.24"]

1. f4 d5 2. Nf3 Nf6 3. e3 g6 4. b3 Bg7 5. Bb2 O-O 6. Be2 b6 7. O-O Bb7 8. Ne5
Nbd7 9. Bf3 e6 10. d3 c5 11. Nd2 Nxe5 12. Bxe5 Nd7 13. Bxg7 Kxg7 14. e4 dxe4 15.
dxe4 Qc7 16. Nc4 e5 17. Qd6 Qxd6 18. Nxd6 Bc6 19. f5 Rad8 20. Rad1 Nf6 21. Rd2
g5 22. h3 Rd7 23. Rfd1 Rfd8 24. Kf2 Kf8 25. Ke3 Ke7 26. Nc4 Rxd2 27. Nxd2 b5 28.
a3 h5 29. g3 a6 30. Ra1 Rd4 31. c3 Rd7 32. Rg1 Rd8 33. Be2 Rh8 34. h4 g4 35. Bd3
Rd8 36. Rc1 a5 37. Ra1 Rb8 38. a4 bxa4 39. bxa4 Rb3 40. Nxb3 1-0

[Event "Titled Tue 24th Jun Late"]
[Site "chess.com INT"]
[Date "2025.06.24"]
[Round "2"]
[White "Willim, Michael"]
[Black "Hartge, Gedeon"]
[Result "0-1"]
[WhiteTitle "CM"]
[BlackTitle "FM"]
[WhiteElo "2024"]
[BlackElo "2328"]
[WhiteFideId "4632435"]
[BlackFideId "12932116"]
[EventDate "2025.06.24"]

1. c4 e5 2. Nc3 Nf6 3. Nf3 Nc6 4. g3 Bc5 5. Bg2 d6 6. O-O Bf5 7. d3 a6 8. a3 Qd7
9. Re1 Bh3 10. Bh1 Ng4 11. e3 Ba7 12. b4 O-O 13. Ng5 Nf6 14. Nxh3 Qxh3 15. Bg2
Qd7 16. Bb2 h5 17. h4 Ng4 18. Nd5 f5 19. Rc1 Rae8 20. b5 Nd8 21. bxa6 bxa6 22.
Qb3 Ne6 23. Qb7 Rb8 24. Qxa7 Rxb2 25. Rf1 f4 26. exf4 exf4 27. Rce1 f3 28. Bh3
Nc5 29. Qxc7 Qxc7 30. Nxc7 Nxd3 31. Bxg4 hxg4 32. Re4 Rc8 33. Ne6 Ne5 34. c5 Re2
35. cxd6 Rxe4 0-1

[Event "Titled Tue 24th Jun Late"]
[Site "chess.com INT"]
[Date "2025.06.24"]
[Round "2"]
[White "Rosen, Eric"]
[Black "Vila Dupla, Aurelio"]
[Result "1-0"]
[WhiteTitle "IM"]
[BlackTitle "FM"]
[WhiteElo "2377"]
[BlackElo "2056"]
[WhiteFideId "2032562"]
[BlackFideId "2203383"]
[EventDate "2025.06.24"]

1. d4 Nf6 2. Bf4 g6 3. Nc3 d5 4. e3 Bg7 5. h4 h5 6. Nf3 O-O 7. Ne5 c5 8. dxc5
Qa5 9. Qd2 Nc6 10. Nxc6 bxc6 11. a3 Ng4 12. b4 Qd8 13. Rd1 e5 14. Bg3 d4 15. Ne4
Qd5 16. Nd6 dxe3 17. Qxd5 exf2+ 18. Bxf2 cxd5 19. Rxd5 Be6 20. Rd1 Rfd8 21. Ba6
Rab8 22. O-O f5 23. c6 1-0

[Event "Titled Tue 24th Jun Late"]
[Site "chess.com INT"]
[Date "2025.06.24"]
[Round "2"]
[White "Borisek, Jure"]
[Black "Daianu, Cristian-Clement"]
[Result "1-0"]
[WhiteTitle "GM"]
[BlackTitle "FM"]
[WhiteElo "2558"]
[BlackElo "2205"]
[WhiteFideId "14603152"]
[BlackFideId "1208926"]
[EventDate "2025.06.24"]

1. e4 c5 2. Nf3 d6 3. c3 Nf6 4. Be2 g6 5. O-O Bg7 6. Re1 O-O 7. Bf1 a6 8. h3 b5
9. a4 bxa4 10. d4 Bb7 11. d5 Nbd7 12. c4 Nb6 13. Nc3 Qd7 14. Bf4 Rad8 15. Qd2 e6
16. Bh6 e5 17. Bxg7 Kxg7 18. Nh2 Nh5 19. Qd1 f5 20. exf5 Qxf5 21. Ne4 Nf4 22. h4
Bc8 23. Ra3 Qh5 24. Qxh5 Nxh5 25. Nf3 Rf4 26. g3 Rff8 27. Nfd2 Bf5 28. Nc3 Bc2
29. Rc1 Bf5 30. Nxa4 Nd7 31. Nc3 Rb8 32. b3 Rb6 33. Rca1 Nb8 34. Be2 Bc2 35.
Bxh5 gxh5 36. Kf1 Rf3 37. Nce4 Kf8 38. Nxf3 Bxe4 39. Ke2 Ke7 40. Nd2 Bc2 41. Ke3
Rb7 42. R1a2 Bf5 43. Ne4 Nd7 44. f3 Nf8 45. Nd2 Ng6 46. Rxa6 1-0

[Event "Titled Tue 24th Jun Late"]
[Site "chess.com INT"]
[Date "2025.06.24"]
[Round "2"]
[White "Bratovic, Blaz"]
[Black "Alvarez, Leandro"]
[Result "1-0"]
[WhiteTitle "IM"]
[WhiteElo "2319"]
[BlackElo "2143"]
[WhiteFideId "14603551"]
[BlackFideId "132756"]
[EventDate "2025.06.24"]

1. e4 d6 2. d4 Nf6 3. Nc3 g6 4. Be3 c6 5. Qd2 b5 6. Bd3 Nbd7 7. Nf3 Nb6 8. a4 b4
9. Ne2 a5 10. c3 d5 11. e5 Ng4 12. Bf4 h5 13. h3 Nh6 14. Ng3 Ba6 15. O-O Bxd3
16. Qxd3 e6 17. b3 Nf5 18. Nxf5 gxf5 19. c4 dxc4 20. bxc4 c5 21. d5 Qd7 22. d6
Nc8 23. Bg5 Na7 24. Bf6 Rg8 25. Ng5 Nc6 26. f4 Rg6 27. Nf3 Bg7 28. Bxg7 Rxg7 29.
Kh1 O-O-O 30. Qe3 Qa7 31. Rad1 Kd7 32. Ng5 Rdg8 33. Rd3 Qb6 34. Qf3 Rxg5 35.
fxg5 Rxg5 36. Qf4 Rg6 37. Rfd1 Qd8 38. Qf2 Qg5 39. R3d2 Nd4 40. Rxd4 cxd4 41.
Rxd4 Qc1+ 42. Kh2 Qc3 43. Rd2 Qxe5+ 44. Kh1 Qa1+ 45. Kh2 Qe5+ 46. g3 h4 47. Qa7+
Ke8 48. Qe7# 1-0

[Event "Titled Tue 24th Jun Late"]
[Site "chess.com INT"]
[Date "2025.06.24"]
[Round "2"]
[White "Hadzovic, Amir"]
[Black "Goodrich, Elliott"]
[Result "1-0"]
[WhiteTitle "FM"]
[WhiteElo "2354"]
[BlackElo "2019"]
[WhiteFideId "14402300"]
[BlackFideId "39902064"]
[EventDate "2025.06.24"]

1. e4 b6 2. Nc3 Bb7 3. Bc4 e6 4. d3 Ne7 5. Bb3 c5 6. f4 d5 7. Nf3 Nbc6 8. O-O a6
9. Qe1 d4 10. Ne2 Qd7 11. Ne5 Nxe5 12. fxe5 Ng6 13. Qg3 O-O-O 14. Nf4 Nxe5 15.
Nxe6 fxe6 16. Qxe5 Re8 17. Bf4 Kd8 18. Qb8+ Qc8 19. Bc7+ Kd7 20. Rf7+ Be7 21.
Qxc8+ Rxc8 22. Bxb6 Rhg8 23. Ba4+ Bc6 24. Bxc5 Bxa4 25. Rxe7+ Kd8 26. Bb4 Rxc2
27. Rf1 Rxb2 28. Bd6 Rb6 29. Ba3 Be8 30. Ra7 Kc8 31. Rc1+ Rc6 32. Rb1 g5 33. e5
Rc2 34. Bd6 Kd8 35. Rb8+ Rc8 36. Be7# 1-0

[Event "Titled Tue 24th Jun Late"]
[Site "chess.com INT"]
[Date "2025.06.24"]
[Round "2"]
[White "Montano Vicente, Guadalupe"]
[Black "Puzyrevsky, Semyon"]
[Result "0-1"]
[BlackTitle "FM"]
[WhiteElo "1938"]
[BlackElo "2292"]
[WhiteFideId "5181399"]
[BlackFideId "24240931"]
[EventDate "2025.06.24"]

1. d4 Nf6 2. c4 e6 3. Nc3 Bb4 4. Qc2 O-O 5. e4 d5 6. e5 Ne4 7. Bd3 c5 8. Nf3
cxd4 9. Nxd4 Bc5 10. Bxe4 Bxd4 11. Bxh7+ Kh8 12. Bd3 dxc4 13. Bxc4 Bxe5 14. Qe4
Nc6 15. O-O f5 16. Qe2 Qc7 17. Qh5+ Kg8 18. Nb5 Qe7 19. Bg5 Qb4 20. b3 a6 21. a3
Qa5 22. b4 Qb6 23. Be3 Qd8 24. Rad1 Qf6 25. Bg5 Qf7 26. Qxf7+ Kxf7 27. Nd6+ Kg6
28. Nxc8 Raxc8 29. Be3 Kf6 30. Bc5 Rfd8 31. g3 g5 32. Kg2 Bd4 33. Bxd4+ Nxd4 34.
Bd3 Rc3 35. a4 g4 36. a5 Rb3 37. Be2 Rxb4 38. Rd2 Rd5 39. Rfd1 Nxe2 40. Rxd5
exd5 41. Rxd5 Nd4 42. Rd6+ Ke5 43. Rg6 Nf3 44. Rg7 Rb1 45. Re7+ Kf6 0-1

[Event "Titled Tue 24th Jun Late"]
[Site "chess.com INT"]
[Date "2025.06.24"]
[Round "2"]
[White "Dehtiarov, Roman"]
[Black "Akbarinia, Sayed Arash"]
[Result "1-0"]
[WhiteTitle "FM"]
[BlackTitle "FM"]
[WhiteElo "2416"]
[BlackElo "2372"]
[WhiteFideId "14186640"]
[BlackFideId "12501468"]
[EventDate "2025.06.24"]

1. e4 c6 2. d4 d5 3. Nc3 dxe4 4. Nxe4 Nf6 5. Nxf6+ exf6 6. Bd3 Bd6 7. Qh5 g6 8.
Qh6 Bf8 9. Qe3+ Qe7 10. Ne2 Bg7 11. Qxe7+ Kxe7 12. Bd2 a5 13. O-O-O Rd8 14. Rhe1
Kf8 15. c4 f5 16. Bc3 b6 17. Bc2 Na6 18. a3 Nc7 19. g3 b5 20. d5 Bxc3 21. Nxc3
cxd5 22. Nxb5 Nxb5 23. cxb5 d4 24. a4 Be6 25. Kb1 Rac8 26. Bd3 Bb3 27. Rc1 Bxa4
28. Ka2 Rxc1 29. Rxc1 Rb8 30. Rc5 Bd1 31. Rd5 Ke7 32. Rxd4 Bf3 33. Ka3 Ke6 34.
Ka4 Ra8 35. Bc4+ Ke5 36. Rd7 Bd1+ 37. Rxd1 1-0

[Event "Titled Tue 24th Jun Late"]
[Site "chess.com INT"]
[Date "2025.06.24"]
[Round "2"]
[White "Playa, Marcelo"]
[Black "Williams, Justus"]
[Result "0-1"]
[WhiteTitle "IM"]
[BlackTitle "IM"]
[WhiteElo "2376"]
[BlackElo "2355"]
[WhiteFideId "102202"]
[BlackFideId "2049929"]
[EventDate "2025.06.24"]

1. e4 c5 2. Nf3 d6 3. d4 cxd4 4. Nxd4 Nf6 5. Nc3 a6 6. Bg5 Nbd7 7. f4 Qc7 8. Qd2
h6 9. Bh4 b5 10. Bd3 Bb7 11. Qe3 e6 12. O-O-O Be7 13. Kb1 b4 14. Nce2 Nc5 15.
Ng3 Ng4 16. Qe2 Bxh4 17. Qxg4 Bf6 18. Nb3 Na4 19. e5 dxe5 20. Nh5 exf4 21. Nxf6+
gxf6 22. Be2 Qe5 23. Nd4 O-O-O 24. Qg7 Rxd4 25. Qxh8+ Kc7 26. Rxd4 Qxd4 27. c3
Qd2 0-1

[Event "Titled Tue 24th Jun Late"]
[Site "chess.com INT"]
[Date "2025.06.24"]
[Round "2"]
[White "Yglesias Herrera, Michel"]
[Black "Claverie, Christophe"]
[Result "0-1"]
[WhiteTitle "CM"]
[BlackTitle "IM"]
[WhiteElo "2054"]
[BlackElo "2290"]
[WhiteFideId "3510840"]
[BlackFideId "605514"]
[EventDate "2025.06.24"]

1. d4 Nf6 2. c4 g6 3. Nc3 Bg7 4. Nf3 O-O 5. e4 d6 6. Be2 Bg4 7. O-O Nfd7 8. Be3
Nc6 9. Rc1 a6 10. h3 Bxf3 11. Bxf3 e5 12. d5 Nd4 13. Re1 c5 14. Bxd4 exd4 15.
Ne2 b5 16. cxb5 axb5 17. Qb3 Qa5 18. a3 c4 19. Qd1 Nc5 20. b4 cxb3 21. Nxd4 b2
22. Rb1 Qxa3 23. Nc6 Rfe8 24. Qe2 Na4 25. Qxb5 Qc5 26. Qe2 Nc3 27. Qxb2 Nxb1 28.
Qxb1 Ra1 29. Qxa1 Bxa1 30. Rxa1 Kg7 31. Ra7 Rc8 32. Re7 Kf8 33. Rd7 h5 34. g3 h4
35. Kg2 hxg3 36. Kxg3 Qc1 37. Bg4 Qe1 38. Rxd6 Ra8 39. e5 Qg1+ 40. Kf4 Ra4+ 41.
Kg5 Qc1+ 42. Kh4 Qf4 43. Rd8+ Kg7 0-1

[Event "Titled Tue 24th Jun Late"]
[Site "chess.com INT"]
[Date "2025.06.24"]
[Round "2"]
[White "Fernandez Bustamante, Leancy B."]
[Black "Savitha, Shri B"]
[Result "0-1"]
[WhiteTitle "WFM"]
[BlackTitle "IM"]
[WhiteElo "2130"]
[BlackElo "2293"]
[WhiteFideId "3523870"]
[BlackFideId "35061887"]
[EventDate "2025.06.24"]

1. e4 e5 2. Nf3 d6 3. Nc3 Nc6 4. Bb5 Bg4 5. Bxc6+ bxc6 6. h3 Bh5 7. d3 Be7 8.
Ne2 Bxf3 9. gxf3 Nf6 10. Be3 d5 11. Rg1 g6 12. f4 exf4 13. Nxf4 dxe4 14. d4 Nd5
15. Qd2 Qd6 16. O-O-O Rb8 17. c4 Nb4 18. c5 Qd7 19. a3 Nd5 20. Kb1 Qf5 21. Nxd5
cxd5 22. Rg4 Qd7 23. Rdg1 O-O 24. Bh6 Rfe8 25. h4 Qf5 26. Ka1 Rb3 27. Rf4 Qe6
28. Qa5 Reb8 29. Rb1 Qh3 30. Qxa7 Qd3 31. Rg4 Qxd4 32. Be3 Qd3 33. h5 Bf6 34.
Ka2 Rxb2+ 35. Rxb2 Rxb2+ 36. Ka1 Qb1# 0-1

[Event "Titled Tue 24th Jun Late"]
[Site "chess.com INT"]
[Date "2025.06.24"]
[Round "2"]
[White "Martinez, Shawn"]
[Black "Krzywda, Andrzej"]
[Result "1-0"]
[BlackTitle "CM"]
[WhiteElo "1921"]
[BlackElo "2175"]
[WhiteFideId "2039770"]
[BlackFideId "1114565"]
[EventDate "2025.06.24"]

1. e4 c5 2. Nc3 Nc6 3. Bb5 Nd4 4. Nf3 a6 5. Bd3 e6 6. O-O Nc6 7. Re1 g5 8. h3 h5
9. Nh2 Bd6 10. Bf1 Qc7 11. Nf3 g4 12. e5 Nxe5 13. Nxe5 Bxe5 14. h4 g3 15. Ne4
gxf2+ 16. Nxf2 Bh2+ 17. Kh1 Bg3 18. Qf3 Bxh4 19. d4 cxd4 20. Bf4 Qc6 21. Ne4
Bxe1 22. Rxe1 f5 23. Nd6+ Kf8 24. Qg3 Ne7 25. Qg5 Nd5 26. Be5 1-0

[Event "Titled Tue 24th Jun Late"]
[Site "chess.com INT"]
[Date "2025.06.24"]
[Round "2"]
[White "Pica, Eleni"]
[Black "Badacsonyi, Stanley"]
[Result "0-1"]
[WhiteTitle "WCM"]
[BlackTitle "FM"]
[WhiteElo "1686"]
[BlackElo "2300"]
[WhiteFideId "5910005"]
[BlackFideId "486973"]
[EventDate "2025.06.24"]

1. d4 Nf6 2. c4 e6 3. Nc3 d5 4. Bg5 c6 5. e3 Nbd7 6. Nf3 h6 7. Bh4 Qa5 8. cxd5
exd5 9. Bd3 Bb4 10. Qc2 O-O 11. O-O Re8 12. Rfc1 Bd6 13. a3 Qc7 14. Bf5 Qd8 15.
b4 a6 16. Na4 Nf8 17. Bxc8 Rxc8 18. Nc5 Rc7 19. Qf5 Be7 20. Ne5 g6 21. Qf3 Kg7
22. Ncd3 Ne6 23. Bxf6+ Bxf6 24. Ng4 h5 25. Nxf6 Qxf6 26. Qxf6+ Kxf6 27. Ne5 Kg7
28. Rc2 f6 29. Nd3 Rf7 30. Rac1 Ng5 31. Nc5 f5 32. g3 h4 33. gxh4 Nf3+ 34. Kg2
Nxh4+ 35. Kh1 Kf6 36. f4 Rxe3 37. Rf2 Rxa3 38. Rg1 Re7 0-1

[Event "Titled Tue 24th Jun Late"]
[Site "chess.com INT"]
[Date "2025.06.24"]
[Round "2"]
[White "Nakara Husain"]
[Black "Mekhitarian, Krikor Sevag"]
[Result "0-1"]
[BlackTitle "GM"]
[WhiteElo "1713"]
[BlackElo "2564"]
[WhiteFideId "25636111"]
[BlackFideId "2107660"]
[EventDate "2025.06.24"]

1. e4 c5 2. c3 Nf6 3. e5 Nd5 4. Bc4 Nb6 5. Bb3 c4 6. Bc2 Nc6 7. Nf3 d5 8. exd6
e5 9. O-O Be6 10. b3 Bxd6 11. Ba3 h6 12. d4 cxd3 13. Qxd3 Bxa3 14. Nxa3 Qxd3 15.
Bxd3 O-O-O 16. Be4 Bd5 17. Bxd5 Rxd5 18. c4 Rd7 19. Rfe1 f6 20. Nb5 a6 21. Nc3
Rhd8 22. Ne4 Kc7 23. Kf1 Re7 24. g4 Nb4 25. Re2 Nd3 26. Ng3 Nf4 27. Rc2 Rd3 28.
Ne1 Rd8 29. Nf5 Red7 30. Ne3 Nc8 31. c5 Ne7 32. N1g2 Neg6 33. Nxf4 Nxf4 34. Rac1
Kc6 35. Nc4 Rd1+ 0-1

[Event "Titled Tue 24th Jun Late"]
[Site "chess.com INT"]
[Date "2025.06.24"]
[Round "2"]
[White "Karas, Eugenia"]
[Black "Bouska, Jiri"]
[Result "1/2-1/2"]
[WhiteTitle "WFM"]
[BlackTitle "FM"]
[WhiteElo "2124"]
[BlackElo "2318"]
[WhiteFideId "463485"]
[BlackFideId "23722223"]
[EventDate "2025.06.24"]

1. Nf3 d5 2. b3 Nf6 3. Bb2 e6 4. e3 Bd6 5. d4 O-O 6. Be2 Nbd7 7. O-O b6 8. Nbd2
Bb7 9. c4 c5 10. cxd5 Bxd5 11. Qc2 Rc8 12. Qd3 cxd4 13. Nxd4 Nc5 14. Qb1 Nfe4
15. Nxe4 Bxe4 16. Qd1 Qh4 17. h3 Rfd8 18. Bf3 Bb8 19. Bxe4 Nxe4 20. Rc1 Rxc1 21.
Qxc1 Ng5 22. Nc6 Nxh3+ 23. gxh3 Qxh3 24. Nxb8 Qg4+ 25. Kh1 Qf3+ 26. Kh2 Qh5+ 27.
Kg1 Qg4+ 28. Kh1 Qh3+ 29. Kg1 Qg4+ 1/2-1/2

[Event "Titled Tue 24th Jun Late"]
[Site "chess.com INT"]
[Date "2025.06.24"]
[Round "2"]
[White "Wieczorek, Zbigniew"]
[Black "Lortkipanidze, Nodar"]
[Result "0-1"]
[WhiteTitle "FM"]
[BlackTitle "IM"]
[WhiteElo "2105"]
[BlackElo "2359"]
[WhiteFideId "1102001"]
[BlackFideId "13604058"]
[EventDate "2025.06.24"]

1. Nf3 Nf6 2. g3 g6 3. c4 Bg7 4. Nc3 O-O 5. Bg2 d6 6. O-O Nc6 7. d3 e5 8. Rb1 a5
9. a3 Re8 10. e4 Bg4 11. h3 Bxf3 12. Bxf3 Nd7 13. Be3 Nc5 14. b4 axb4 15. axb4
Ne6 16. Nd5 Ncd4 17. b5 c6 18. Nc3 Ra3 19. Rc1 Qa5 20. Bd2 Qb6 21. Rb1 Qc5 22.
Bg2 Rea8 23. bxc6 bxc6 24. Kh2 Qa7 25. f4 exf4 26. gxf4 Nc5 27. Be1 Nde6 28. e5
dxe5 29. Bxc6 exf4 30. Bxa8 Qxa8 31. Nd5 Rxd3 32. Ra1 Bxa1 0-1

[Event "Titled Tue 24th Jun Late"]
[Site "chess.com INT"]
[Date "2025.06.24"]
[Round "2"]
[White "Henriquez Villagra, Cristobal"]
[Black "Brady, Tyson"]
[Result "0-1"]
[WhiteTitle "GM"]
[BlackTitle "CM"]
[WhiteElo "2597"]
[BlackElo "2170"]
[WhiteFideId "3409350"]
[BlackFideId "30970369"]
[EventDate "2025.06.24"]

1. d4 e6 2. c3 d5 3. Bf4 Nf6 4. e3 c5 5. Nd2 Nc6 6. Ngf3 Be7 7. Bd3 O-O 8. Ne5
Qb6 9. Rb1 Qa5 10. a3 cxd4 11. exd4 Bd7 12. O-O Rac8 13. Re1 a6 14. Re3 Kh8 15.
Nxd7 Nxd7 16. Bxh7 Kxh7 17. Qh5+ Kg8 18. Rh3 f6 19. Re1 e5 20. Bh6 Rf7 21. Bxg7
Rxg7 22. Qh8+ Kf7 23. Qxc8 Nf8 24. Qxb7 Nxd4 25. cxd4 Qxd2 26. Qxd5+ Ke8 27.
Rhe3 Qxd4 28. Qxd4 exd4 29. Rd3 Nd7 30. Rxd4 Ne5 31. Kf1 Rh7 32. h3 Kf7 33. Rd5
Rh8 34. Rc1 Rb8 35. Rc2 Rb3 36. Ke2 Ke6 37. Ra5 Rb6 38. b4 Nc6 39. Rxc6+ Rxc6
40. Kd3 Bd8 41. Rh5 Bc7 42. Rh8 Be5 43. Ra8 Rc3+ 44. Ke4 Rxa3 45. g4 Ra4 46. Ke3
Bd6 0-1